| 000 | 00434nmm a2200145Ia 4500 | ||
|---|---|---|---|
| 008 | 251105s9999||||xx |||||||||||||||||und|| | ||
| 041 | _aspa | ||
| 100 | _aUssía, Alfonso | ||
| 245 | 0 | _aMilagro se ha muerto mamá!: Marqués de Sotoancho IX | |
| 264 |
_a[Madrid, España] : _bEdiciones B, _c2014 |
||
| 300 | _a224 páginas | ||
| 650 | _aSpanish narrative | ||
| 856 | _uhttps://public.digitaliapublishing.com/a/53451 | ||
| 942 | _cCF | ||
| 999 |
_c105024 _d105024 |
||